| 000 | 00619nab a2200181 4500 | ||
|---|---|---|---|
| 001 | 244442 | ||
| 003 | OSt | ||
| 005 | 20250106133519.0 | ||
| 007 | tu | ||
| 008 | 200917s2020||||||| | ||
| 040 |
_aDE-2950 _cDE-2950 |
||
| 245 | 0 | 0 |
_aManege frei zu Weihnachten _bShow. Zum Jahreswechsel gibt es mit dem Weihnachtszirkus der Zirkusfamilie Leyseck wieder ein besonders zauberhaftes Angebot in Frankfurt (Oder)/ _cRené Matschkowiak |
| 264 | _c2024 | ||
| 653 | _aFrankfurt (Oder) | ||
| 653 | _aWeihnachtszirkus | ||
| 773 | 0 |
_g35. Jahrgang (2024) Nr. 295 vom 18.12.2024, S. 15 mit Foto _tMärkische Oderzeitung |
|
| 942 |
_2z _cA |
||
| 999 |
_c373522 _d373522 |
||